Houston Astros 2025 Roster - Statistics

General Stats
  • This quiz has been taken 58 times
  • The average score is 21 of 37
Answer Stats
Jersey # Pos Player % Correct
27 LF Jose Altuve
100%
44 LF Yordan Alvarez
97%
3 SS Jeremy Pena
95%
58 P Hunter Brown
92%
21 C Yainer Diaz
92%
1 SS Carlos Correa
87%
59 P Framber Valdez
87%
8 1B Christian Walker
84%
11 RF Cam Smith
82%
6 CF Jake Meyers
82%
71 BP Josh Hader
76%
18 C Cesar Salazar
74%
15 3B Isaac Paredes
74%
52 BP Bryan Abreu
71%
14 2B Mauricio Dubon
71%
20 LF Chas McCormick
63%
17 C Victor Caratini
61%
4 RF Jesus Sanchez
58%
43 BP Lance McCullers Jr.
58%
77 P Luis Garcia
50%
74 BP Bryan King
47%
1 2B Brendan Rodgers
45%
53 P Cristian Javier
45%
54 P Jason Alexander
39%
41 P Spencer Arrighetti
39%
63 BP Kaleb Ort
37%
29 3B Ramon Urias
37%
26 LF Taylor Trammell
37%
65 BP Enyel De Los Santos
34%
69 BP AJ Blubaugh
32%
46 BP Craig Kimbrel
29%
48 BP Steven Okert
29%
0 LF Zach Dezenzo
26%
60 P Brandon Walter
24%
62 BP Bennett Sousa
18%
31 LF Jacob Melton
18%
67 BP John Rooney
8%
No matching quizzes found
Score Distribution
Percent of People with Each Score
Percentile by Number Answered
Your Score History
You have not taken this quiz